| Tag |
First Indicator |
Second Indicator |
Subfields |
| LEADER |
00000cam a2200000 a 4500 |
| 001 |
in00000090580 |
| 005 |
20151008065710.0 |
| 007 |
hd afb |
| 008 |
810506r1956 miua ab 00010 eng d |
| 035 |
|
|
|a (OCoLC)07393482
|
| 035 |
|
|
|9 AAK6413AM
|
| 040 |
|
|
|a MST
|c MST
|d OCL
|d TXA
|d UtOrBLW
|
| 049 |
|
|
|a TXAI
|
| 099 |
|
|
|a film
|a B
|a 532
|
| 100 |
1 |
|
|a Ditlow, George H.
|q (George Hiram)
|
| 245 |
1 |
4 |
|a The comprehensive industrial arts laboratory in the preparation of industrial arts teachers for the public schools /
|c George H. Ditlow.
|
| 264 |
|
1 |
|a [Place of publication not identified] :
|b [publisher not identified] ;
|c 1956.
|
| 300 |
|
|
|a vii, 174, 33 leaves :
|b illustrations
|
| 336 |
|
|
|a text
|b txt
|2 rdacontent
|
| 337 |
|
|
|a microform
|b h
|2 rdamedia
|
| 338 |
|
|
|a microfilm reel
|b hd
|2 rdacarrier
|
| 502 |
|
|
|b Ed. D.
|c New York University
|d 1956.
|
| 504 |
|
|
|a Bibliography: leaves 169-174.
|
| 533 |
|
|
|a Microfilm.
|b Ann Arbor, Mich. :
|c University Microfilms,
|d 1956.
|e 1 microfilm reel : ill. ; 35 mm.
|
| 500 |
|
|
|a Microform.
|
| 650 |
|
0 |
|a Industrial arts
|x Study and teaching.
|
| 650 |
|
0 |
|a Industrial arts teachers
|x Training of.
|
| 999 |
|
|
|a MARS
|
| 999 |
f |
f |
|s 0302fb24-83c9-3ca4-8257-1baea5516e1b
|i 719bf425-1a8b-3b25-a2bd-7a31d880bbe9
|t 0
|
| 952 |
f |
f |
|p default
|a Texas A&M University
|b College Station
|c Sterling C. Evans Library
|d Evans: Microforms (3rd floor)
|t 0
|e film B 532
|h Other scheme
|i microform -- microfilm reel
|
| 998 |
f |
f |
|a film B 532
|t 0
|l Evans: Microforms (3rd floor)
|